[Event "29th World Junior Girls"]
[Site "Chennai IND"]
[Date "2011.08.02"]
[Round "1"]
[White "Paikidze,N"]
[Black "Gevorgyan,M"]
[Result "1-0"]
[WhiteElo "2416"]
[BlackElo "2068"]
[EventDate "2011.08.02"]

1. d4 Nf6 2. c4 e6 3. Nc3 Bb4 4. f3 c5 5. d5 d6 6. e4 O-O 7. Bd3 Re8 8.
Nge2 exd5 9. cxd5 Nbd7 10. O-O Ne5 11. Bc2 h6 12. f4 Ng6 13. h3 Bd7 14. a4
a6 15. Ng3 c4 16. Be3 Rc8 17. Bd4 Bc5 18. Bxc5 Rxc5 19. Qd4 Qc7 20. Rae1 b5
21. axb5 axb5 22. e5 dxe5 23. fxe5 b4 24. d6 Qa5 25. Ra1 Qb6 26. exf6 bxc3
27. bxc3 Nf8 28. Rfb1 Qc6 29. Ba4 Qc8 30. Bxd7 Nxd7 31. Ra7 Rce5 32. Rbb7
Re1+ 33. Kh2 1-0

[Event "29th World Junior Girls"]
[Site "Chennai IND"]
[Date "2011.08.02"]
[Round "1"]
[White "Edes,Z"]
[Black "Savina,A"]
[Result "0-1"]
[WhiteElo "2067"]
[BlackElo "2398"]
[EventDate "2011.08.02"]

1. d4 Nf6 2. c4 g6 3. Nc3 Bg7 4. e4 d6 5. f4 c5 6. d5 O-O 7. Nf3 e6 8. Be2
exd5 9. cxd5 Bg4 10. O-O Nbd7 11. Kh1 Re8 12. h3 Bxf3 13. Bxf3 b5 14. e5
dxe5 15. Nxb5 e4 16. Be2 Nb6 17. d6 Nfd5 18. Bc4 e3 19. Qd3 Nxc4 20. Qxc4
Qa5 21. Qe2 Rad8 22. Rf3 Re4 23. Nc7 Nxc7 24. dxc7 Qxc7 25. Rxe3 Rxe3 26.
Bxe3 Re8 27. Re1 0-1

[Event "29th World Junior Girls"]
[Site "Chennai IND"]
[Date "2011.08.02"]
[Round "1"]
[White "Cori T.,D"]
[Black "Pratyusha,B"]
[Result "1-0"]
[WhiteElo "2376"]
[BlackElo "2064"]
[EventDate "2011.08.02"]

1. d4 Nf6 2. c4 e6 3. g3 d5 4. Nf3 Bb4+ 5. Bd2 Be7 6. Bg2 c6 7. Qc2 Nbd7 8.
O-O b6 9. b3 Bb7 10. Nc3 O-O 11. Rfd1 Rc8 12. e4 dxe4 13. Nxe4 h6 14. Bf4
c5 15. Nd6 Bxd6 16. Bxd6 Re8 17. dxc5 bxc5 18. Bf4 g5 19. Rd6 Rc6 20. Rd2
e5 21. Be3 Qc7 22. Nh4 Rce6 23. Bxb7 Qxb7 24. Rad1 e4 25. Nf5 Rf8 26. Qc3
Re5 27. g4 Rd8 28. h3 Re6 29. Bxc5 Ra8 30. Rxd7 Qc6 31. Be3 1-0

[Event "29th World Junior Girls"]
[Site "Chennai IND"]
[Date "2011.08.02"]
[Round "1"]
[White "Michelle Catherina,P"]
[Black "Girya,O"]
[Result "0-1"]
[WhiteElo "2052"]
[BlackElo "2371"]
[EventDate "2011.08.02"]

1. e4 c6 2. d4 d5 3. f3 e6 4. Nc3 Bb4 5. Bf4 Ne7 6. Nge2 O-O 7. Qd3 b6 8.
O-O-O Ba6 9. Qe3 c5 10. a3 Bxc3 11. Qxc3 Bxe2 12. Bxe2 c4 13. Rhe1 Nbc6 14.
Bg5 b5 15. exd5 exd5 16. Bf1 Re8 17. g3 a5 18. Bxe7 Rxe7 19. Rxe7 Qxe7 20.
Re1 Qf6 21. Qe3 g6 22. f4 b4 23. a4 Rd8 24. Bg2 Kg7 25. Rd1 Rd6 26. Qf2 Qf5
27. h3 h5 28. Re1 Rf6 29. h4 b3 30. c3 Re6 31. Rxe6 Qxe6 32. Bf3 Ne7 33.
Kd2 Nf5 34. Qg1 Kf8 35. Qf2 Ke7 36. g4 hxg4 37. Bxg4 Kd6 38. Bxf5 Qxf5 39.
Ke2 Qe4+ 40. Kd1 Qb1+ 41. Kd2 Qxb2+ 0-1

[Event "29th World Junior Girls"]
[Site "Chennai IND"]
[Date "2011.08.02"]
[Round "1"]
[White "Padmini,R"]
[Black "Brunello,R"]
[Result "1-0"]
[WhiteElo "2348"]
[BlackElo "2036"]
[EventDate "2011.08.02"]

1. e4 e5 2. Nf3 Nc6 3. Bb5 d6 4. O-O Nf6 5. Bxc6+ bxc6 6. d4 exd4 7. Nxd4
Bd7 8. Re1 Be7 9. c4 O-O 10. Nc3 c5 11. Nf3 Bc6 12. b3 Nd7 13. Bb2 Bf6 14.
Qc2 Ne5 15. Nd2 Ng6 16. Nd5 Bxb2 17. Qxb2 Re8 18. Re3 h5 19. Rf1 Bxd5 20.
cxd5 Qg5 21. Nc4 Re7 22. f4 Qh6 23. g3 Rae8 24. Rfe1 h4 25. Kg2 Qh5 26. Qe2
Qxe2+ 27. R1xe2 hxg3 28. hxg3 f6 29. Kf3 Kf7 30. Na5 Rd7 31. b4 cxb4 32.
Rb2 Rb8 33. Nc6 Rb6 34. Rxb4 Ne7 35. Rxb6 cxb6 36. Nd4 Rc7 37. Nb5 Rd7 38.
Ra3 Nc8 39. Rc3 Ne7 40. Rc6 f5 41. Rxd6 Rb7 42. Rd8 Kg6 43. d6 fxe4+ 44.
Kxe4 Nc6 45. Rc8 1-0

[Event "29th World Junior Girls"]
[Site "Chennai IND"]
[Date "2011.08.02"]
[Round "1"]
[White "Mammadova,G"]
[Black "Ivana Maria,F"]
[Result "1/2-1/2"]
[WhiteElo "2294"]
[BlackElo "2012"]
[EventDate "2011.08.02"]

1. e4 e6 2. d4 d5 3. Nc3 Nf6 4. Bg5 dxe4 5. Nxe4 Nbd7 6. Nxf6+ Nxf6 7. Nf3
h6 8. Bh4 c5 9. c3 cxd4 10. Nxd4 Be7 11. Qc2 Qd5 12. f3 O-O 13. Bd3 Qe5+
14. Ne2 b5 15. Bg3 Qd5 16. O-O Bb7 17. Rfd1 Bc5+ 18. Kh1 Qxf3 19. Ng1 Qc6
20. Qe2 a6 21. Nf3 Ng4 22. Ne5 Nxe5 23. Bxe5 f5 24. Rd2 Be7 25. Re1 Bg5 26.
Rdd1 Rac8 27. Bc2 Bf6 28. Rd6 Qc5 29. b4 Qxe5 30. Qxe5 Bxe5 1/2-1/2

[Event "29th World Junior Girls"]
[Site "Chennai IND"]
[Date "2011.08.02"]
[Round "1"]
[White "Martinez,Ay"]
[Black "Bulmaga,I"]
[Result "0-1"]
[WhiteElo "2011"]
[BlackElo "2293"]
[EventDate "2011.08.02"]

1. e4 c6 2. d4 d5 3. e5 Bf5 4. Be3 a6 5. c4 dxc4 6. Bxc4 e6 7. Nf3 Be7 8.
O-O h5 9. Nc3 Nh6 10. Ne2 Bg4 11. Nd2 Nf5 12. Ne4 Nd7 13. h3 Bxe2 14. Bxe2
h4 15. b4 Nb6 16. Qd2 Nd5 17. Rab1 Qd7 18. Nc5 Qc7 19. a4 a5 20. bxa5 Bxc5
21. dxc5 Ndxe3 22. fxe3 Qxe5 23. Rxb7 O-O 24. a6 Rfd8 25. Qc1 Ng3 26. Rf2
Nxe2+ 27. Rxe2 Rxa6 28. Rf2 f5 29. Rf4 Ra5 30. Rxh4 Rxc5 31. Qe1 Rc3 32.
Rh8+ Kxh8 33. Qh4+ Kg8 34. Qxd8+ Kh7 35. Qh4+ Kg6 36. Qd4 Rxe3 37. Qxe5
Rxe5 38. Rc7 Rc5 39. Kf2 Kf6 40. Ke3 Ra5 41. Rxc6 Rxa4 42. Rc3 g5 43. Rb3
f4+ 44. Kf3 Kf5 45. Kf2 e5 46. Rb2 Ra3 47. Ke2 e4 48. Rb6 Ra2+ 49. Kf1 e3
50. Rb8 Kg6 51. h4 Rf2+ 52. Kg1 gxh4 53. Ra8 Rc2 54. Rf8 Rc1+ 0-1

[Event "29th World Junior Girls"]
[Site "Chennai IND"]
[Date "2011.08.02"]
[Round "1"]
[White "Olsarova,K"]
[Black "Krumova,A"]
[Result "1/2-1/2"]
[WhiteElo "2282"]
[BlackElo "1961"]
[EventDate "2011.08.02"]

1. e4 c5 2. Nf3 Nc6 3. Bb5 Nf6 4. d3 g6 5. Nc3 Bg7 6. h3 O-O 7. O-O d6 8.
Bxc6 bxc6 9. e5 Nd7 10. exd6 exd6 11. d4 d5 12. Re1 cxd4 13. Nxd4 Bb7 14.
Nb3 Qc7 15. Qf3 d4 16. Ne4 c5 17. Bf4 Qb6 18. Qg3 Bxe4 19. Rxe4 Nf6 20.
Ree1 Nh5 21. Bc7 Nxg3 22. Bxb6 axb6 23. fxg3 Bh6 24. Kf1 Rfe8 25. a3 Be3
26. Red1 Re6 27. Nd2 b5 28. Nf3 Rea6 29. Rab1 Rf6 30. g4 Ra4 31. Ke2 Re6
32. Nd2 Ra8 33. Kf1 Rf8 34. Nf3 f5 35. g5 Kg7 36. Ra1 Ra8 1/2-1/2

[Event "29th World Junior Girls"]
[Site "Chennai IND"]
[Date "2011.08.02"]
[Round "1"]
[White "Kulon,K"]
[Black "Bala Kannamma,P"]
[Result "0-1"]
[WhiteElo "2227"]
[BlackElo "1931"]
[EventDate "2011.08.02"]

1. c4 Nf6 2. Nc3 c5 3. g3 g6 4. Bg2 Bg7 5. e3 O-O 6. Nge2 a6 7. O-O d6 8.
a3 Qc7 9. d3 Nc6 10. Rb1 b6 11. b4 Bb7 12. bxc5 bxc5 13. Bd2 Rab8 14. Qa4
Ne5 15. Bxb7 Rxb7 16. f4 Ned7 17. Rxb7 Qxb7 18. Rb1 Qa8 19. e4 Rb8 20.
Rxb8+ Nxb8 21. Nd5 Qb7 22. f5 Kf8 23. Qa5 Nc6 24. Qc7 Qxc7 25. Nxc7 Ne5 26.
Bf4 Nxd3 27. fxg6 hxg6 28. e5 dxe5 29. Be3 Ng4 30. Bd2 e4 31. Nxa6 Bd4+ 32.
Kg2 Nge5 33. Bh6+ Ke8 34. Nxd4 cxd4 35. Nc7+ Kd7 36. Nb5 Nxc4 37. Nxd4 Nxa3
38. g4 e5 39. Ne2 Nb5 40. h4 Ke6 41. h5 gxh5 42. gxh5 f5 43. Ng3 Nd4 44.
Bd2 Kf6 45. h6 Kg6 46. Be3 Nf4+ 47. Kh1 Nfe2 48. Nxe2 Nxe2 49. Bg5 Nf4 50.
Be7 Kxh6 51. Bd6 Nd3 52. Kg2 Kg5 53. Kf1 f4 54. Ke2 Kf5 55. Bc7 Nb4 56. Bd6
Nd5 57. Bb8 e3 0-1

[Event "29th World Junior Girls"]
[Site "Chennai IND"]
[Date "2011.08.02"]
[Round "1"]
[White "Shristi,J"]
[Black "Nakhbayeva,G"]
[Result "1/2-1/2"]
[WhiteElo "1927"]
[BlackElo "2222"]
[EventDate "2011.08.02"]

1. e4 e6 2. d3 d5 3. Nd2 c5 4. g3 Nc6 5. Bg2 g6 6. Ngf3 Bg7 7. O-O Nge7 8.
Re1 Qc7 9. exd5 exd5 10. Nb3 b6 11. Bf4 Qd8 12. Ne5 O-O 13. a4 Be6 14. d4
c4 15. Nd2 Rc8 16. c3 Na5 17. h4 Nf5 18. Rc1 Re8 19. b4 cxb3 20. Nxb3 Nc4
21. Nxc4 dxc4 22. Nd2 Qd7 23. Qf3 Red8 24. Ra1 Bd5 25. Qxd5 Qxd5 26. Bxd5
Rxd5 27. Rab1 Ra5 28. Rb4 Bf8 29. Rxc4 Rxc4 30. Nxc4 Rxa4 31. Nb2 Ra3 32.
Re8 Rxc3 33. d5 Rc5 34. g4 g5 35. hxg5 Nh4 36. d6 Rd5 37. Nc4 Ng6 38. Be3
b5 39. Na3 a6 40. Rd8 Rxd6 1/2-1/2

[Event "29th World Junior Girls"]
[Site "Chennai IND"]
[Date "2011.08.02"]
[Round "1"]
[White "Agrest,I"]
[Black "Shweta,G"]
[Result "1/2-1/2"]
[WhiteElo "2220"]
[BlackElo "1922"]
[EventDate "2011.08.02"]

1. e4 c5 2. Nf3 d6 3. d4 cxd4 4. Nxd4 Nf6 5. Nc3 a6 6. Bg5 e6 7. f4 Qb6 8.
Qd3 Qxb2 9. Rb1 Qa3 10. Bxf6 gxf6 11. f5 Qc5 12. fxe6 fxe6 13. Be2 h5 14.
Nb3 Qg5 15. O-O Nd7 16. Qd2 b5 17. Qd4 Rg8 18. Qf2 Ne5 19. Nd4 Ng4 20. Bxg4
Qxg4 21. Qf3 Bh6 22. Nd1 Ra7 23. Rb3 Rag7 24. g3 Qxf3 25. Rfxf3 Rg6 26. Nf2
h4 27. Kf1 hxg3 28. hxg3 Kd7 29. Rfd3 Rg5 30. Nf3 Rc5 31. e5 Rxc2 32. Ne4
Rf8 33. exf6 Bb7 34. Ne5+ Kc7 35. Rdc3+ Rxc3 36. Rxc3+ Kd8 37. Nxd6 Rxf6+
38. Ke2 Bd5 39. Ng4 Bg7 40. Nxf6 Bxf6 41. Rc2 Kd7 42. Nf7 e5 43. Nh6 Be6
44. g4 Bg5 45. Nf5 Bc4+ 46. Kf2 Bd3 47. Rc5 e4 48. Ne3 Bh4+ 49. Kg2 Be7 50.
Rh5 Be2 51. Rh7 Ke6 52. Rh6+ Ke5 53. Rxa6 Bg5 54. Kf2 Bd3 55. Ng2 Be7 56.
Rh6 Bc5+ 57. Ne3 Bd4 58. Rh5+ Kf6 59. Rd5 Ba7 60. Rd7 Bc5 61. Rd8 Ba7 62.
Rd6+ Kg5 63. Rd5+ Kg6 64. g5 Bc4 65. Re5 Bd3 66. a3 Bd4 67. Rd5 Ba7 68. Rd7
Bc5 69. Rd5 Ba7 70. Rd6+ Kxg5 71. Rd7 Bb6 72. Rd5+ Kh4 73. Rf5 Bd4 74. Rf7
Kg5 75. Rd7 Bb6 76. Rd6 Ba7 77. Rd8 Kf6 78. Rd7 Bc5 79. Rd5 Ba7 1/2-1/2

[Event "29th World Junior Girls"]
[Site "Chennai IND"]
[Date "2011.08.02"]
[Round "1"]
[White "Dogodkina,J"]
[Black "Mahalakshmi,M"]
[Result "0-1"]
[WhiteElo "2193"]
[BlackElo "1901"]
[EventDate "2011.08.02"]

1. e4 c6 2. d4 d5 3. Nd2 dxe4 4. Nxe4 Bf5 5. Nc5 b6 6. Nb3 e6 7. Nf3 Bd6 8.
g3 h6 9. Bg2 Nf6 10. O-O O-O 11. Re1 Qc7 12. c3 Nbd7 13. Qe2 b5 14. Ne5 Nd5
15. f4 Rfe8 16. g4 Bh7 17. g5 hxg5 18. fxg5 a5 19. Bd2 a4 20. Nc1 c5 21.
Bh3 Bxe5 22. dxe5 c4 23. Bg2 Nc5 24. Qf2 Rad8 25. h4 Bf5 26. h5 Rd7 27. Qg3
Ne7 28. Be3 Red8 29. Bd4 Rxd4 30. cxd4 Rxd4 31. h6 Rg4 32. Qf3 Nd5 33. h7+
Kh8 34. Ne2 Nd3 35. Red1 Qc5+ 36. Kh2 Nxe5 37. Qa3 Qf2 0-1

[Event "29th World Junior Girls"]
[Site "Chennai IND"]
[Date "2011.08.02"]
[Round "1"]
[White "Lasya,G"]
[Black "Hannes,D"]
[Result "1-0"]
[WhiteElo "1898"]
[BlackElo "2188"]
[EventDate "2011.08.02"]

1. e4 c5 2. Nf3 e6 3. d3 Nc6 4. g3 g6 5. Bg2 Bg7 6. Nbd2 Nge7 7. h4 d6 8.
h5 h6 9. hxg6 Nxg6 10. a4 Bd7 11. Nc4 Qe7 12. Qe2 O-O-O 13. Bd2 Qf8 14. c3
d5 15. Ne3 Nge7 16. Nh4 d4 17. Nc4 Ng6 18. Nxg6 fxg6 19. e5 Kb8 20. Qe4 Qf5
21. Qxf5 gxf5 22. Bf4 Be8 23. Ke2 Ne7 24. Nd6 Rd7 25. cxd4 cxd4 26. Rac1
Bg6 27. Rc4 Nc8 28. Nb5 Rhd8 29. a5 a6 30. Na3 Na7 31. b4 Rc8 32. Rxc8+
Kxc8 33. Nc4 Kb8 34. Bxh6 Nc6 35. Bxg7 Rxg7 36. Rh8+ Kc7 37. Nd6 Rd7 38.
Rc8+ 1-0

[Event "29th World Junior Girls"]
[Site "Chennai IND"]
[Date "2011.08.02"]
[Round "1"]
[White "Semenova,E"]
[Black "Degrande,M"]
[Result "1-0"]
[WhiteElo "2175"]
[BlackElo "1890"]
[EventDate "2011.08.02"]

1. e4 d6 2. d4 Nf6 3. Nc3 g6 4. f4 Bg7 5. Nf3 a6 6. Bd3 b5 7. e5 dxe5 8.
dxe5 Nfd7 9. Be4 c6 10. Be3 Qc7 11. O-O Bb7 12. Ng5 e6 13. Bf3 O-O 14. Qe1
Nb6 15. Qh4 h6 16. Nge4 Nc4 17. Bc5 Re8 18. b3 Nb6 19. Nf6+ Bxf6 20. exf6
Kh7 21. Ne4 Rh8 22. Bd6 Qc8 23. Be7 Kg8 24. Rad1 N8d7 25. f5 exf5 26. Nd6
1-0

[Event "29th World Junior Girls"]
[Site "Chennai IND"]
[Date "2011.08.02"]
[Round "1"]
[White "Shetye,Si"]
[Black "Terao,J"]
[Result "0-1"]
[WhiteElo "1890"]
[BlackElo "2168"]
[EventDate "2011.08.02"]

1. d4 Nf6 2. c4 e6 3. g3 b6 4. Bg2 d5 5. Nf3 Bb4+ 6. Bd2 Be7 7. O-O O-O 8.
Qc2 Bb7 9. Nc3 c5 10. Rfd1 Nc6 11. cxd5 exd5 12. dxc5 bxc5 13. Bg5 Nb4 14.
Qc1 h6 15. Bxf6 Bxf6 16. Ne4 Rc8 17. a3 Na6 18. Nxf6+ Qxf6 19. Ne1 Rfd8 20.
Nd3 c4 21. Nf4 Nc5 22. Qc3 d4 23. Qxc4 Bxg2 24. Kxg2 Ne6 25. Qb3 Nxf4+ 26.
gxf4 Qxf4 27. Qf3 Qg5+ 28. Kh1 Rc2 29. Rd3 Rxb2 30. Rg1 Qe5 31. e3 g6 32.
Rgd1 Rd6 33. exd4 Qg5 34. Qg3 Qd5+ 35. Kg1 Rf6 36. R3d2 Rb3 37. Rd3 Rb2 38.
R3d2 Rbb6 39. Rd3 Rf5 40. Qg2 Qa2 41. Rg3 Rbf6 42. Rf1 Qd2 43. d5 Rxd5 44.
Qe4 Re6 45. Qb1 a5 46. Qc1 Re2 47. Qc3 Qf4 48. Qf3 Qe5 49. Qc3 Qe6 50. Rc1
Rf5 51. Rd1 Rfe5 52. Kg2 h5 53. Rd8+ Kg7 54. Qc8 Rxf2+ 55. Kxf2 Qa2+ 56.
Kf1 Qe2+ 57. Kg1 Qe1+ 58. Kg2 Re2+ 59. Kh3 Qf1+ 0-1

[Event "29th World Junior Girls"]
[Site "Chennai IND"]
[Date "2011.08.02"]
[Round "1"]
[White "Lkhamsuren,U"]
[Black "Mejia Salinas,Lluvia Angelica"]
[Result "1-0"]
[WhiteElo "2163"]
[BlackElo "1889"]
[EventDate "2011.08.02"]

1. e4 e5 2. Nf3 Nf6 3. Nxe5 d6 4. Nf3 Nxe4 5. Nc3 Nxc3 6. dxc3 Be7 7. Be3
Nd7 8. Qd2 c6 9. O-O-O O-O 10. h4 Qa5 11. Kb1 Ne5 12. Nd4 Qc7 13. f3 a6 14.
Bd3 f5 15. Ne2 b5 16. h5 c5 17. Nf4 Rd8 18. Nd5 Qb7 19. Nxe7+ Qxe7 20. Bg5
Qc7 21. Bxd8 Qxd8 22. Be2 Nf7 23. Qd5 Rb8 24. Rhe1 Kf8 25. g4 Qf6 26. gxf5
Qxf5 27. Qxf5 Bxf5 28. Bd3 Nh6 29. Bxf5 Nxf5 30. Rd5 g6 31. Rd2 Re8 32. Re4
Kf7 33. b3 Re6 34. hxg6+ hxg6 35. Kb2 Ke7 36. Rg2 Rxe4 37. fxe4 Ng7 38.
Rxg6 Ne8 39. Kc1 Nf6 40. Rg7+ Ke6 41. Ra7 Nxe4 42. Kb2 c4 43. Rxa6 cxb3 44.
cxb3 Kd5 45. Kc2 Nf6 46. Kd3 Ne8 47. Ra5 Kc6 48. c4 bxc4+ 49. Kxc4 Nc7 50.
b4 Kb6 51. a4 Kc6 52. Rh5 Ne6 53. Rh6 Nd8 54. b5+ Kc7 55. Kd5 Nb7 56. Rh7+
Kb8 57. Kc6 1-0

[Event "29th World Junior Girls"]
[Site "Chennai IND"]
[Date "2011.08.02"]
[Round "1"]
[White "Divyasri,C"]
[Black "Frayna,Janelle Mae"]
[Result "0-1"]
[WhiteElo "2123"]
[BlackElo "1875"]
[EventDate "2011.08.02"]

1. e4 Nf6 2. e5 Nd5 3. d4 d6 4. c4 Nb6 5. exd6 exd6 6. Nc3 Nc6 7. h3 Bf5 8.
Be3 Be7 9. Nf3 O-O 10. Be2 d5 11. c5 Nc4 12. Bc1 Nb4 13. O-O Bc2 14. Qe1
Nd3 15. Bxd3 Bxd3 16. Ne2 Bf6 17. Qd1 Be4 18. Nh2 b6 19. b3 Na5 20. cxb6
axb6 21. Ng4 Be7 22. Ng3 Nc6 23. Bb2 f5 24. Nh2 Bd6 25. Nxe4 dxe4 26. a3
Qg5 27. Qc1 Qg6 28. Kh1 Ne7 29. Rg1 Nd5 30. Qc4 Qf7 31. a4 Nb4 32. Bc3 Nd3
33. Rgf1 Qxc4 34. bxc4 Ra7 35. a5 bxa5 36. c5 Be7 37. Kg1 a4 38. Rfb1 Bf6
39. Ra3 Rd8 40. c6 Ra6 41. d5 Be7 42. Ra2 Rxd5 43. Ba1 a3 44. Rc2 Rc5 45.
Rd2 Raxc6 46. Nf1 Rc1 47. Rd1 a2 0-1

[Event "29th World Junior Girls"]
[Site "Chennai IND"]
[Date "2011.08.02"]
[Round "1"]
[White "Arunima,K"]
[Black "Saranya,J"]
[Result "1-0"]
[WhiteElo "1867"]
[BlackElo "2121"]
[EventDate "2011.08.02"]

1. e4 c5 2. c3 Nf6 3. e5 Nd5 4. d4 e6 5. Nf3 d6 6. a3 Nc6 7. Bd3 dxe5 8.
dxe5 Qc7 9. O-O Bd7 10. Qe2 O-O-O 11. b4 f6 12. c4 Nb6 13. exf6 gxf6 14.
Nc3 a6 15. Be3 f5 16. Bxc5 Bxc5 17. bxc5 Na8 18. Rab1 Rhg8 19. Rb2 Qa5 20.
Qc2 Qxc5 21. Rfb1 Na5 22. Bf1 Bc6 23. Ne1 Rg7 24. Na4 Qd4 25. Qc3 Bxa4 26.
Qxa5 Bc6 27. c5 Nc7 28. h3 f4 29. Rb6 Qd5 30. Qc3 Rdg8 31. f3 Qf5 32. Kh1
e5 33. Bd3 Qh5 34. R1b2 Rxg2 35. Rxg2 Bxf3 36. Bf5+ Qxf5 37. Qxf3 Rxg2 38.
Qxg2 Kd7 39. Rd6+ 1-0

[Event "29th World Junior Girls"]
[Site "Chennai IND"]
[Date "2011.08.02"]
[Round "1"]
[White "Sathya,Pri"]
[Black "Bharathi,R"]
[Result "1/2-1/2"]
[WhiteElo "1842"]
[BlackElo "2117"]
[EventDate "2011.08.02"]

1. d4 d5 2. c4 Nc6 3. e3 e5 4. cxd5 Qxd5 5. Nf3 Bg4 6. Be2 Nf6 7. dxe5 Bxf3
8. Bxf3 Qxd1+ 9. Kxd1 O-O-O+ 10. Ke2 Nxe5 11. a3 Bd6 12. Nd2 Rhe8 13. Rd1
Re7 14. b3 Nfd7 15. Ne4 Nxf3 16. Nxd6+ cxd6 17. Kxf3 Ne5+ 18. Ke2 Rc7 19.
Bd2 Kd7 20. Rac1 Nc6 21. h3 Ke6 22. Ba5 b6 23. Bc3 f6 24. b4 Rdc8 25. Bb2
Ne5 26. Rxc7 Rxc7 27. Bxe5 fxe5 28. e4 g5 29. Rd3 Rc4 30. Ke3 Rc1 31. Ke2
h6 32. f3 h5 33. Rd2 Ra1 34. Rd3 Ra2+ 35. Kf1 Rc2 36. Kg1 h4 37. Kf1 Kd7
38. Kg1 Kc7 39. Kf1 a6 40. Kg1 Kd7 41. Kf1 Ke6 42. Kg1 a5 43. bxa5 bxa5 44.
Rb3 Ra2 45. Kf1 Ke7 46. Kg1 Kf6 47. Kf1 Ke6 48. Kg1 a4 49. Rc3 Rd2 50. Rc4
Rd4 51. Rc3 d5 52. Rc6+ Ke7 53. exd5 Rxd5 54. Rg6 Rd3 55. Rxg5 Kf6 56. Rg4
Rxa3 57. Rxh4 Kg5 58. Rb4 Ra2 59. Kh2 a3 60. Ra4 Ra1 61. Kg3 Ra2 62. h4+
Kf5 63. Ra6 Ra1 64. h5 Rh1 65. Rxa3 Rxh5 66. Ra8 Rh6 67. Rf8+ Kg5 68. f4+
exf4+ 69. Rxf4 Ra6 70. Rf3 Rb6 71. Rc3 Ra6 72. Rc8 Kg6 73. Rc3 Kg5 74. Rc5+
Kg6 75. Kh4 Rb6 76. g3 Ra6 77. g4 Rb6 78. Rc8 Ra6 79. Rg8+ Kh7 80. Rg5 Kh6
81. Rh5+ Kg6 82. Rc5 Rb6 83. Rd5 Ra6 84. Rc5 Rb6 85. Rd5 Ra6 86. Rc5 Rb6
87. Rd5 1/2-1/2

[Event "29th World Junior Girls"]
[Site "Chennai IND"]
[Date "2011.08.02"]
[Round "1"]
[White "Deur,Z"]
[Black "Anjana Krishna,S"]
[Result "1/2-1/2"]
[WhiteElo "2116"]
[BlackElo "1830"]
[EventDate "2011.08.02"]

1. e4 e5 2. Nf3 Nc6 3. Bb5 a6 4. Ba4 Nf6 5. O-O Be7 6. Re1 b5 7. Bb3 d6 8.
c3 O-O 9. h3 Nb8 10. d3 Nbd7 11. Nbd2 Nc5 12. Bc2 Re8 13. Nf1 Bf8 14. Ng3
g6 15. b4 Ncd7 16. Bb2 Bb7 17. c4 c6 18. a3 Nb6 19. Bb3 h6 20. Rc1 Nbd7 21.
cxb5 cxb5 22. d4 Qb6 23. Qd3 Rad8 24. Qb1 Bg7 25. Rcd1 Nh7 26. Re2 exd4 27.
Bxd4 Bxd4 28. Rxd4 Ne5 29. Red2 Nxf3+ 30. gxf3 Ng5 31. Qd3 Nxh3+ 32. Kf1
Nf4 33. Rxd6 Rxd6 34. Qxd6 Qxd6 35. Rxd6 Re7 36. Ne2 Nxe2 37. Kxe2 Kg7 38.
Kd3 Rc7 39. Rb6 h5 40. Bd1 Rd7+ 41. Kc2 Kh6 42. Be2 h4 43. Bf1 Kg5 44. Bh3
Rc7+ 45. Kd3 Kf4 46. Rd6 Ke5 47. Rd8 Kf4 48. Rd6 Ke5 49. Rd8 Kf4 1/2-1/2

[Event "29th World Junior Girls"]
[Site "Chennai IND"]
[Date "2011.08.02"]
[Round "1"]
[White "Forestier,C"]
[Black "Salini,R"]
[Result "1-0"]
[WhiteElo "2101"]
[BlackElo "1795"]
[EventDate "2011.08.02"]

1. d4 g6 2. e4 Bg7 3. Nc3 e6 4. h4 h5 5. Bg5 Ne7 6. Qd2 d5 7. O-O-O c6 8.
f3 f6 9. Be3 Kf7 10. Nh3 a5 11. Bd3 Na6 12. Rdf1 Nb4 13. g4 a4 14. a3 Nxd3+
15. Qxd3 b6 16. Qd2 Ba6 17. Rfg1 Bc4 18. e5 b5 19. exf6 Bxf6 20. Bg5 Bg7
21. Qe3 Qd7 22. Re1 Rae8 23. Rhg1 Ng8 24. Qf4+ Nf6 25. Bxf6 Bxf6 26. g5 Qe7
27. Qxf6+ Qxf6 28. gxf6 Kxf6 29. Ne2 Bxe2 30. Rxe2 Re7 31. Nf4 Rh6 32. Rge1
Kf5 1-0

[Event "29th World Junior Girls"]
[Site "Chennai IND"]
[Date "2011.08.02"]
[Round "1"]
[White "Hansen,Erl"]
[Black "Nandhidhaa,P"]
[Result "0-1"]
[WhiteElo "1770"]
[BlackElo "2101"]
[EventDate "2011.08.02"]

1. d4 d5 2. Nf3 Nf6 3. g3 e6 4. Bg2 Be7 5. O-O O-O 6. c4 b6 7. Nbd2 Bb7 8.
b3 Nbd7 9. Bb2 c5 10. Rc1 Rc8 11. Rc2 Rc7 12. Qa1 Qc8 13. Rfc1 Rd8 14. Ba3
Bf8 15. Bb2 h6 16. Bh3 dxc4 17. Nxc4 Be4 18. Rd2 b5 19. Nce5 Nxe5 20. Nxe5
cxd4 21. Rdd1 Bc5 22. Bxd4 Bxd4 23. Rxc7 Bxf2+ 24. Kxf2 Qxc7 25. Rxd8+ Qxd8
26. Qc3 Qb6+ 27. Kf1 Nd5 28. Qc8+ Kh7 29. Nxf7 Ne3+ 30. Ke1 Nc2+ 31. Kf1
Qd4 32. Qh8+ Kg6 33. Nd8 Qd1+ 34. Kf2 Qe1+ 0-1

[Event "29th World Junior Girls"]
[Site "Chennai IND"]
[Date "2011.08.02"]
[Round "1"]
[White "Imeeva,A"]
[Black "Savant,R"]
[Result "1-0"]
[WhiteElo "2094"]
[BlackElo "1743"]
[EventDate "2011.08.02"]

1. e4 c5 2. Nf3 Nc6 3. d4 cxd4 4. Nxd4 Nf6 5. Nc3 g6 6. Be2 Bg7 7. Nb3 O-O
8. O-O a5 9. a4 d6 10. Be3 Bd7 11. f4 Rc8 12. Bf3 Bh6 13. Qe2 Be6 14. Qf2
Bxb3 15. cxb3 Nd7 16. Rad1 Qe8 17. Bg4 Ncb8 18. Nd5 Rc6 19. Qh4 Bg7 20.
Nxe7+ Kh8 21. Nxc6 Nxc6 22. Bxd7 Qxd7 23. e5 Qe6 24. Rxd6 Qxb3 25. Qf2 Qxa4
26. Rfd1 Qe4 27. Rd7 Kg8 28. Bc5 Re8 29. Re1 Qc4 30. Rxb7 Rc8 31. Bd6 Nb4
32. Bxb4 axb4 33. Qd2 Bf8 34. Rd1 Qc6 35. Qd7 Bc5+ 36. Kh1 Qxd7 37. Rdxd7
Be3 38. g3 Bc1 39. Rxb4 Be3 40. Kg2 Rc2+ 41. Kf3 Bg1 42. Rb8+ Kg7 43. Rbb7
Bc5 44. Rxf7+ Kg8 45. Rg7+ Kh8 46. Rxh7+ Kg8 47. Rhg7+ Kh8 48. Rgd7 Bf8 49.
e6 Rc8 50. e7 Kg8 51. Rd8 Rxd8 52. exd8=Q g5 53. fxg5 Kh8 54. Qxf8+ 1-0

[Event "29th World Junior Girls"]
[Site "Chennai IND"]
[Date "2011.08.02"]
[Round "1"]
[White "Nivedhitha,J"]
[Black "Pon,N"]
[Result "0-1"]
[WhiteElo "1743"]
[BlackElo "2075"]
[EventDate "2011.08.02"]

1. e4 e5 2. Nf3 Nc6 3. Bb5 a6 4. Ba4 Nf6 5. O-O Bc5 6. Nxe5 Nxe5 7. d4 Qe7
8. dxc5 Qxc5 9. Nc3 O-O 10. Bb3 h6 11. Be3 Qe7 12. f3 d6 13. Qe2 Be6 14.
Rad1 Rad8 15. Nd5 Nxd5 16. Bxd5 c6 17. Bxe6 Qxe6 18. b3 f5 19. exf5 Rxf5
20. Rfe1 Re8 21. Qd2 Rxf3 22. Qxd6 Qg4 23. Rd4 Qh5 24. Bf4 Rxf4 25. Rxf4
Nf3+ 26. Rxf3 Rxe1+ 27. Kf2 Re8 28. Rd3 Qe2+ 29. Kg3 Re5 30. h4 Qe1+ 31.
Kh3 Qh1+ 32. Kg3 Re2 33. Qd8+ Kh7 34. Rf3 Qxg2+ 35. Kf4 Qh2+ 36. Rg3 Qf2+
37. Kg4 h5+ 38. Kxh5 Qxg3 0-1

[Event "29th World Junior Girls"]
[Site "Chennai IND"]
[Date "2011.08.02"]
[Round "1"]
[White "Tejaswini,S"]
[Black "Romero Echeverria,A"]
[Result "1/2-1/2"]
[WhiteElo "1690"]
[BlackElo "2071"]
[EventDate "2011.08.02"]

1. e4 c5 2. Nf3 e6 3. d4 cxd4 4. Nxd4 a6 5. Bd3 g6 6. O-O Bg7 7. Be3 Nf6 8.
Nd2 O-O 9. f4 d6 10. N2f3 Qc7 11. Nh4 Nbd7 12. f5 e5 13. Ne2 d5 14. Ng3 Nc5
15. Qf3 dxe4 16. Nxe4 Nxd3 17. cxd3 Nxe4 18. dxe4 Bf6 19. Qg3 Qe7 20. Nf3
Bd7 21. Bh6 Rfe8 22. Ng5 Bb5 23. Rf2 Rad8 24. h4 Rd3 25. Nf3 Kh8 26. fxg6
fxg6 27. Bg5 Bxg5 28. Qxg5 Qxg5 29. Nxg5 h6 30. Nf3 Bc6 31. Re1 Kg7 32. g4
Bd7 33. g5 h5 34. Rc1 Bc6 35. Rc4 Rd6 36. Kg2 Rdd8 37. a4 b5 38. axb5 axb5
39. Rb4 Re7 40. Rc2 Rd6 41. Kf2 Kf7 42. Ke3 Ke8 43. Rb3 Kd7 44. Rcc3 Re8
45. Rc5 Rde6 46. Rc1 1/2-1/2

[Event "29th World Junior Girls"]
[Site "Chennai IND"]
[Date "2011.08.03"]
[Round "2"]
[White "Fataliyeva,U"]
[Black "Paikidze,N"]
[Result "0-1"]
[WhiteElo "2107"]
[BlackElo "2416"]
[EventDate "2011.08.02"]

1. e4 c5 2. Nf3 d6 3. d4 cxd4 4. Nxd4 Nf6 5. Nc3 a6 6. Be2 e5 7. Nb3 Be7 8.
Be3 Be6 9. Nd5 Nbd7 10. Qd3 O-O 11. O-O Bxd5 12. exd5 Nc5 13. Nxc5 dxc5 14.
Rad1 Bd6 15. Bg5 h6 16. Bh4 Re8 17. Qf5 Qd7 18. Qxd7 Nxd7 19. Bg4 Nf8 20.
Rfe1 g6 21. f3 f5 22. Bh3 e4 23. fxe4 g5 24. Bxf5 gxh4 25. Rd3 Kg7 26. c4
b5 27. b3 Re7 28. Rde3 Be5 29. Rh3 Ng6 30. Kh1 b4 31. Rd1 Bd6 32. a4 Rf8
33. Kg1 Re5 34. Bxg6 Kxg6 35. Rxh4 Kg5 36. g3 Re7 37. Rd3 Ref7 38. Kg2 h5
39. e5 Bxe5 40. Re4 Rf2+ 41. Kh3 Bd6 42. Re6 Rb2 43. Rd1 Rff2 44. Rh1 Rf6
45. Rhe1 Bf8 46. R1e5+ Kg6 47. Re3 Rxe6 48. dxe6 Be7 49. g4 hxg4+ 50. Kxg4
Rxh2 0-1